| 000 | 00763nas a2200253 4500 | ||
|---|---|---|---|
| 001 | BR0602045 | ||
| 003 | BR-BrBNA | ||
| 005 | 20231205110016.0 | ||
| 007 | ta | ||
| 008 | 230509b bl.|||p| |||| 00| 00por d | ||
| 040 |
_aBR-BrBNA _bpor _cBiblioteca Nacional de Agricultura |
||
| 041 | _a(En) | ||
| 072 | _aK10 | ||
| 100 | 1 | _aCruz, E.D. | |
| 245 | 1 | _aQuantitative characteristics of fruits and seeds of Pouteria pachycarpa Pires - Sapotaceae | |
| 650 | _aSAPOTACEAE | ||
| 650 | _aFRUTO | ||
| 650 | _aSEMENTE | ||
| 650 | _aANÁLISE QUANTITATIVA | ||
| 650 | _aGERMINAÇÃO | ||
| 773 | 0 |
_tRevista Brasileira de Sementes (Brazil) _xISSN 0101-3122 _g(2005), v. 27(2) p. 159-164 _wBR0602045 |
|
| 909 |
_a202311 _bLúcia _c55 _dLúcia Elande |
||
| 942 |
_2AGRIS _n0 _cANA |
||
| 999 |
_c185794 _d185794 |
||